ბათუმის შოთა რუსთაველის სახელმწიფო უნივერსიტეტის ბიბლიოთეკა

Хрестоматия по истории древнего мира / (ბიბ.ჩანაწერი № 61200)

000 -LEADER
fixed length control field 00593nam a22001577a 4500
005 - DATE AND TIME OF LATEST TRANSACTION
control field 20231229164748.0
008 - FIXED-LENGTH DATA ELEMENTS--GENERAL INFORMATION
fixed length control field 231229s1956 ru ||||| |||| 00| 0 rus d
041 ## - LANGUAGE CODE
Language code of text/sound track or separate title rus
080 ## - UNIVERSAL DECIMAL CLASSIFICATION NUMBER
Universal Decimal Classification number 94(3)(093.3) X-91
245 ## - TITLE STATEMENT
Title Хрестоматия по истории древнего мира /
Statement of responsibility, etc. Под ред. В.В. Струве.
264 ## - PRODUCTION, PUBLICATION, DISTRIBUTION, MANUFACTURE, AND COPYRIGHT NOTICE
Place of production, publication, distribution, manufacture М.:
Name of producer, publisher, distributor, manufacturer Учпедгиз,
Date of production, publication, distribution, manufacture, or copyright notice 1950.
300 ## - PHYSICAL DESCRIPTION
Extent 343 c.:
Other physical details 23 cm.
653 ## - INDEX TERM--UNCONTROLLED
keyword ანტიკური სამყაროს ისტორია
700 ## - ADDED ENTRY--PERSONAL NAME
Personal name Струве, В.В.
Relator term რედაქტორი
9 (RLIN) 20946
942 ## - ADDED ENTRY ELEMENTS (KOHA)
Source of classification or shelving scheme
Koha item type წიგნი
ეგზემპლარები
Withdrawn status Lost status Source of classification or shelving scheme Damaged status Not for loan Permanent Location Current Location Shelving location Date acquired Cost, normal purchase price Full call number Barcode Date last seen Copy number Price effective from Koha item type Public note
          ბათუმის შოთა რუსთაველის სახელმწიფო უნივერსიტეტის მთავარი ბიბლიოთეკა ბათუმის შოთა რუსთაველის სახელმწიფო უნივერსიტეტის მთავარი ბიბლიოთეკა წიგნსაცავი 2023-12-29 7.00 94(3)(093.3) X-91 65705 2023-12-29 65703 2023-12-29 წიგნი 7 ლ.